Housing: PPG3 (Record no. 72943)

MARC details
000 -LEADER
fixed length control field 01390cam a2200265 4500
001 - CONTROL NUMBER
control field ABS66837
008 - FIXED-LENGTH DATA ELEMENTS--GENERAL INFORMATION
fixed length control field 030626n2003 000 0 eng u
035 ## - SYSTEM CONTROL NUMBER
System control number (Sirsi) u122770
100 ## - MAIN ENTRY--PERSONAL NAME
Personal name Massey, M.
245 ## - TITLE STATEMENT
Title Housing: PPG3
260 ## - PUBLICATION, DISTRIBUTION, ETC.
Date of publication, distribution, etc. 2003
490 ## - SERIES STATEMENT
Series statement Planning in London
Volume/sequential designation (45) April 2003, 16-24(9)
520 ## - SUMMARY, ETC.
Summary, etc. Four articles examine the impact of PPG3 three years after the new housing guidance was launched. "PPG3: a radical re-appraisal of how we live" argues for regional autonomy to make the best decisions for the unique demands of different areas. "Density and the three-storey house" looks at different housing designs and layouts to achieve PPG3's 30 to 50 dwellings per hectare target. "Implications for design, management and security" argues that PPG3 is in danger of repeating past mistakes with regards to high-rise homes. "Responding to the challenge of PPG3" offers a positive appraisal of PPG3 and suggests it has given the house building industry the opportunity to embrace new designs and construction techniques. Diagrams.
590 ## - LOCAL NOTE (RLIN)
Local note ABS
650 ## - SUBJECT ADDED ENTRY--TOPICAL TERM
Topical term or geographic name entry element HOUSING DENSITY
650 ## - SUBJECT ADDED ENTRY--TOPICAL TERM
Topical term or geographic name entry element HOUSING DESIGN
650 ## - SUBJECT ADDED ENTRY--TOPICAL TERM
Topical term or geographic name entry element HOUSE BUILDING
650 ## - SUBJECT ADDED ENTRY--TOPICAL TERM
Topical term or geographic name entry element PPG3
650 ## - SUBJECT ADDED ENTRY--TOPICAL TERM
Topical term or geographic name entry element PLANNING POLICY
690 ## - LOCAL SUBJECT ADDED ENTRY--TOPICAL TERM (OCLC, RLIN)
Topical term or geographic name as entry element ENVIRONMENTAL AND LAND CONSULTANCY-PLANNING AND DEVELOPMENT
700 ## - ADDED ENTRY--PERSONAL NAME
Personal name Wood, M.
700 ## - ADDED ENTRY--PERSONAL NAME
Personal name San Martin, C.
700 ## - ADDED ENTRY--PERSONAL NAME
Personal name Beck, S.
942 ## - ADDED ENTRY ELEMENTS (KOHA)
Suppress in OPAC 0
Holdings
Withdrawn status Lost status Source of classification or shelving scheme Damaged status Not for loan Home library Current library Shelving location Date acquired Total Checkouts Full call number Barcode Date last seen Copy number Price effective from Koha item type
    Dewey Decimal Classification     London London Journal article 26/06/2003   ABS66837 122770-1001 06/08/2019 1 06/08/2019 Journal article